Ley de Juego | (1962-1982) (Registro nro. 1185)
[ vista simple ]
| 000 -CABECERA | |
|---|---|
| fixed length control field | 01044nam a22002657a 4500 |
| 003 - CONTROL NUMBER IDENTIFIER | |
| control field | AR-BeUNQ |
| 005 - FECHA Y HORA DE LA ULTIMA TRANSACCION | |
| control field | 20250227132609.0 |
| 008 - ELEMENTOS DE LONGITUD FIJA-INFORMACION GENERAL | |
| fixed length control field | 250227b |||||||| |||| 00| 0 spa d |
| 020 ## - NUMERO INTERNACIONAL NORMALIZADO PARA LIBROS | |
| Número Internacional Normalizado del libro | 9789874462176 |
| 040 ## - FUENTE DE CATALOGACION | |
| Agencia de catalogación original | AR-BeUNQ |
| Idioma de catalogación | ESPAÑOL |
| Agencia que realiza la transcripción | AR-BeUNQ |
| Convenciones de la descripción | aacr |
| 082 ## - NUMERO DE CLASIFICACION DECIMAL DEWEYMBER | |
| Número de la edición | 21 |
| Número de clasificación | A863 BRI |
| 100 ## - ASIENTO PRINCIPAL-NOMBRE PERSONAL | |
| Nombre personal | Briante, Miguel |
| Títulos u otras palabras asociadas al nombre | aut. |
| Fecha asociada al nombre | 1944 |
| 245 ## - MENCION DE TITULO | |
| Título | Ley de Juego |
| Otra información sobre el título | (1962-1982) |
| Mención de responsabilidad, etc | Miguel Briante |
| Medio físico | libro |
| 250 ## - MENCION DE EDICION | |
| Mención de edición | 1a.ed |
| 260 ## - PUBLICACION, DISTRIBUCION, ETC. | |
| Lugar de publicación, distribución, etc. | Buenos Aires : |
| Nombre del editor, distribuidor, etc. | Mil Botellas, |
| Fecha de publicación, distribución, etc | 2023 |
| 300 ## - DESCRIPCION FISICA | |
| Extensión | 197 p. |
| Dimensiones | 21 cm |
| 490 ## - MENCION DE SERIE | |
| Mención de serie | Identidades Bonaerenses |
| 505 ## - NOTA DE CONTENIDO | |
| Nota de contenido con formato preestablecido | Capitulo primero. Último día. La Vasca. dijo que tenía que volver. Fin de Iglesias. Hombre en la orilla. Habrá que matar perros. A lo largo de la calle que da al río. Ley de Juego. De más lejos. Inglés. Salen a mirar las sombras. |
| 600 ## - ASIENTO SECUNDARIO DE MATERIA - NOMBRE PERSONAL | |
| Nombre personal | Lierartura |
| 648 ## - ASIENTO SECUNDARIO DE MATERIA - TERMINO CRONOLOGICO | |
| Término cronológico | 1962-1982 |
| 650 ## - ASIENTO SECUNDARIO DE MATERIA - TERMINO TEMATICO | |
| Término temático o nombre geográfico como elemento de entrada | Cuentos |
| Fuente del encabezamiento o términ | tell |
| 651 ## - ASIENTO SECUNDARIO DE MATERIA - NOMBRE GEOGRAFICO | |
| Nombre geográfico | Argentina |
| Fuente del encabezamiento o término | unescot |
| 929 01 - DATOS DE ADQUISICION | |
| Procedencia | DONACION |
| Proveedor | Dirección General de Cultura y Escuelas de la Provincia de Buenos Aires |
| Orden de compra | 0 |
| Precio | 0 |
| Fecha de recibido | 05/11/2024 |
| Patrimonio UNQ | PAT 0082588 |
| Número de inventario | 62889 |
| 942 ## - ELEMENTOS DE PUNTO DE ACCESO ADICIONAL (KOHA) | |
| Tipo de ítem Koha | Libros |
| Estado de retiro | Estado de pérdida | Ubicación permanente | Ubicación actual | Ubicación en estantería | Fecha de ingreso | Total Checkouts | Signatura topográfica completa | Inventario | Date last seen | Tipo de ítem Koha | Operador |
|---|---|---|---|---|---|---|---|---|---|---|---|
| Biblioteca ESET - UNQ | Biblioteca ESET - UNQ | CIRCULACION | 27/02/2025 | A863 BRI | 62889 | 27/02/2025 | Libros | Gladys Alarcon |